000 00670nam a2200241Ia 4500
003 OSt
005 20220918191137.0
006 a|||||r|||| 00| 0
007 ta
008 220917b |||||||| |||| 00| 0 eng d
024 _a61,676
037 _cTextual
040 _aARTS
_cARTS
_beng
041 _2eng
_aeng
082 _aQ220j23, M2 (P15)
100 _aBhandarkar R G
245 0 _aVaisnavism, Siavism and minor religious systems
260 _aPoona
_bBhandarkar Oriental Ressearch Institute
_c1982
300 _a238p
_ccm.
650 _aRELIGION
942 _hQ220j23, M2 (P15)
_cTEXL
_2CC
999 _c188482
_d188482